000 01608nam0a2200373 4500
001 RU\NLR\bibl\997144
005 20260405114117.0
010 _a5-373-00119-8
_bВ пер.
_95000
021 _aRU
_b2006-52745
_92601
035 _a(nilc)RSL-KNO-002927215
035 _a(NLR Aleph) 000984903
090 _a482469
_c482469
100 _a20060913d2006 |||y0rusy50 ca
101 0 _arus
102 _aRU
105 _aa |||||||||
106 _ar
200 1 _aВ ожидании ребенка
_eмужской взгляд
_e[подготовка к беременности и родам : традиции и современность]
_fАлексей Новиков
210 _aМосква
_cОЛМА Медиа Групп
_d2006
215 _a189, [2] с.
_cил.
_d21
225 1 _aМамина школа
320 _aБиблиогр. в конце кн.
606 1 _aБеременность
_jПопулярные издания
_9904409
_3RU\NLR\auth\669377
606 1 _aРоды
_jПопулярные издания
_9907210
_3RU\NLR\auth\6610966
610 0 _aЗдравоохранение. Медицинские науки -- Акушерство -- Беременность -- Популярные издания
686 _aР716.11я9
_2rubbk
686 _aР716.1я9
700 1 _4070
_7ca
_8rus
_aНовиков
_bА. Г.
_cпопуляризатор
_gАлексей Георгиевич
_927633
_3RU\NLR\auth\7744693
801 0 _aRU
_bРКП
_c20060913
_grcr
801 1 _aRU
_bРГБ
_c20060913
801 2 _aRU
_bNLR
_c20061013
_grcr
942 _cBOOK
980 _aNB